<?xml version="1.0" encoding="UTF-8"?>
<record
    xmlns:xsi="http://www.w3.org/2001/XMLSchema-instance"
    xsi:schemaLocation="http://www.loc.gov/MARC21/slim http://www.loc.gov/standards/marcxml/schema/MARC21slim.xsd"
    xmlns="http://www.loc.gov/MARC21/slim">

  <leader>01656    a2200265   4500</leader>
  <controlfield tag="001">24344</controlfield>
  <controlfield tag="005">20260407155527.0</controlfield>
  <controlfield tag="008">260407a2012    arg                 spa d</controlfield>
  <controlfield tag="003">AR-UNSa-BCEJYS</controlfield>
  <datafield tag="040" ind1=" " ind2=" ">
    <subfield code="a">AR-UNSa-BCEJYS</subfield>
    <subfield code="b">spa</subfield>
    <subfield code="c">AR-UNSa-BCEJYS</subfield>
  </datafield>
  <datafield tag="080" ind1=" " ind2=" ">
    <subfield code="a">330.43</subfield>
    <subfield code="x">Econometr&#xED;a</subfield>
  </datafield>
  <datafield tag="245" ind1="1" ind2="0">
    <subfield code="a">Introducci&#xF3;n a la econometr&#xED;a</subfield>
  </datafield>
  <datafield tag="020" ind1=" " ind2=" ">
    <subfield code="a">978-84-8322-877-7</subfield>
  </datafield>
  <datafield tag="250" ind1=" " ind2=" ">
    <subfield code="a">3a. ed.</subfield>
  </datafield>
  <datafield tag="264" ind1=" " ind2="1">
    <subfield code="a">Madrid :</subfield>
    <subfield code="b">Pearson Educaci&#xF3;n</subfield>
    <subfield code="c">2012</subfield>
  </datafield>
  <datafield tag="300" ind1=" " ind2=" ">
    <subfield code="a">xxxiv, 561 p.</subfield>
    <subfield code="c">27 cm.</subfield>
  </datafield>
  <datafield tag="505" ind1=" " ind2=" ">
    <subfield code="a">1. Cuestiones econ&#xF3;micas y datos - 2. Repaso de probabilidad - 3. Repaso de estad&#xED;stica - 4. Regresi&#xF3;n lineal con regresor &#xFA;nico - 5. Regresi&#xF3;n con regresor &#xFA;nico: contrastes de hip&#xF3;tesis e intervalos de confianza en regresi&#xF3;n m&#xFA;ltiple - 6. Regresi&#xF3;n lineal con varios regresores - 7. Contrastes de hip&#xF3;tesis e intervalos de confianza en regresi&#xF3;n m&#xFA;ltiple - 8. Funciones de regresi&#xF3;n no lineales - 9. Evaluaci&#xF3;n de estudios basados en regresi&#xF3;n m&#xFA;ltiple - 10. Regresi&#xF3;n con datos de panel - 11. Regresi&#xF3;n con variable dependiente binaria - 12. Regresi&#xF3;n con variables instrumentales - 13. Experimentos y cuasi experimentos - 14. Introducci&#xF3;n a la regresi&#xF3;n de series temporales y predicci&#xF3;n - 15. Estimaci&#xF3;n de efectos causales din&#xE1;micos - 16. Otros temas relacionados con la regresi&#xF3;n en series temporales - 17. Teor&#xED;a de regresi&#xF3;n lineal con regresor &#xFA;nico - 18. Teor&#xED;a de regresi&#xF3;n m&#xFA;ltiple</subfield>
  </datafield>
  <datafield tag="942" ind1=" " ind2=" ">
    <subfield code="c">BK</subfield>
  </datafield>
  <datafield tag="590" ind1=" " ind2=" ">
    <subfield code="a">niveau_biblio:m niveau_hierar:0</subfield>
  </datafield>
  <datafield tag="100" ind1="1" ind2=" ">
    <subfield code="a">Stock, James H.</subfield>
  </datafield>
  <datafield tag="700" ind1="1" ind2=" ">
    <subfield code="a">Watson, Mark W.</subfield>
  </datafield>
  <datafield tag="700" ind1="1" ind2=" ">
    <subfield code="a">Arrazola Vacas, Mar&#xED;a</subfield>
  </datafield>
  <datafield tag="700" ind1="1" ind2=" ">
    <subfield code="a">Rodas Alfaya, Leticia</subfield>
  </datafield>
  <datafield tag="700" ind1="1" ind2=" ">
    <subfield code="a">S&#xE1;nchez Larri&#xF3;n, Ra&#xFA;l</subfield>
  </datafield>
  <datafield tag="999" ind1=" " ind2=" ">
    <subfield code="c">1174</subfield>
    <subfield code="d">1174</subfield>
  </datafield>
  <datafield tag="952" ind1=" " ind2=" ">
    <subfield code="0">0</subfield>
    <subfield code="1">0</subfield>
    <subfield code="4">0</subfield>
    <subfield code="7">0</subfield>
    <subfield code="a">BCEJYS</subfield>
    <subfield code="b">BCEJYS</subfield>
    <subfield code="c">16</subfield>
    <subfield code="d">2026-04-07</subfield>
    <subfield code="l">0</subfield>
    <subfield code="o">330.43 S864 3ed.</subfield>
    <subfield code="p">L119638</subfield>
    <subfield code="r">2026-04-07 15:55:27</subfield>
    <subfield code="w">2026-04-07</subfield>
    <subfield code="y">L</subfield>
    <subfield code="z">PAG. 279 SUELTA -  CANTO SUPERIOR MANCAHD ROJA PEQUE&#xD1;A - UN POCO H&#xDA;MEDO</subfield>
  </datafield>
  <datafield tag="952" ind1=" " ind2=" ">
    <subfield code="0">0</subfield>
    <subfield code="1">0</subfield>
    <subfield code="4">0</subfield>
    <subfield code="7">0</subfield>
    <subfield code="a">BCEJYS</subfield>
    <subfield code="b">BCEJYS</subfield>
    <subfield code="c">16</subfield>
    <subfield code="d">2026-04-07</subfield>
    <subfield code="l">0</subfield>
    <subfield code="o">330.43 S864 3ed.</subfield>
    <subfield code="p">L119639</subfield>
    <subfield code="r">2026-04-07 15:55:27</subfield>
    <subfield code="w">2026-04-07</subfield>
    <subfield code="y">L</subfield>
    <subfield code="z">CANTO SUPERIOR H&#xDA;MEDO Y MANCHADO -  PAG. 273 A 290 - L&#xC1;PIZ LEVE - </subfield>
  </datafield>
  <datafield tag="952" ind1=" " ind2=" ">
    <subfield code="0">0</subfield>
    <subfield code="1">0</subfield>
    <subfield code="4">0</subfield>
    <subfield code="7">0</subfield>
    <subfield code="a">BCEJYS</subfield>
    <subfield code="b">BCEJYS</subfield>
    <subfield code="c">16</subfield>
    <subfield code="d">2026-04-07</subfield>
    <subfield code="l">0</subfield>
    <subfield code="o">330.43 S864 3ed.</subfield>
    <subfield code="p">L119637</subfield>
    <subfield code="r">2026-04-07 15:55:27</subfield>
    <subfield code="w">2026-04-07</subfield>
    <subfield code="y">L</subfield>
  </datafield>
</record>
